[Event "Warsaw Szansa Blitz op"]
[Site "Warsaw"]
[Date "2021.09.10"]
[Round "3"]
[White "Grabarczyk, Miroslaw"]
[Black "Kowalczyk, Adam"]
[Result "1-0"]
[WhiteElo "2367"]
[BlackElo "1944"]
[PlyCount "73"]
[EventDate "2021.09.10"]
[EventType "swiss (blitz)"]
[EventRounds "11"]
[EventCountry "POL"]
[SourceTitle "CBM 204 Extra"]
[Source "ChessBase"]
[SourceDate "2021.11.30"]
[SourceVersion "1"]
[SourceVersionDate "2021.11.30"]
[SourceQuality "1"]

1. d4 Nf6 2. c4 c5 3. d5 b5 4. cxb5 a6 5. bxa6 e6 6. Nc3 exd5 7. Nxd5 Nxd5 8. Qxd5 Nc6 9. Nf3 Be7 10. Ne5 Nxe5 11. Qxa8 Nc4 12. Qd5 Nb6 13. Qd1 Bxa6 14. e3 Bb7 15. Be2 0-0 16. 0-0 Bf6 17. Bd2 Bc6 18. Bc3 Be7 19. a4 Nd5 20. Bf3 Nxc3 21. bxc3 d5 22. c4 Bf6 23. Ra2 Qa8 24. Bxd5 Rd8 25. e4 Qa6 26. Qb3 Be5 27. g3 Rb8 28. Qd3 Qb7 29. a5 Qd7 30. a6 Ba8 31. Rd1 Bd4 32. Qf3 Bxd5 33. exd5 Ra8 34. Rb1 g6 35. Rb7 Qe8 36. Re2 Qf8 37. a7 1-0

[Event "Polanica Zdroj op-B 49th"]
[Site "Polanica Zdroj"]
[Date "2013.08.??"]
[Round "6"]
[White "Kocwin, Bartosz"]
[Black "Kowalczyk, Adam"]
[Result "0-1"]
[WhiteElo "2237"]
[BlackElo "1889"]
[PlyCount "102"]
[EventDate "2013.08.17"]
[EventType "swiss"]
[EventRounds "9"]
[EventCountry "POL"]
[SourceTitle "CBM 156 Extra"]
[Source "ChessBase"]
[SourceDate "2013.10.22"]
[SourceVersion "1"]
[SourceVersionDate "2013.10.22"]
[SourceQuality "1"]

1. Nf3 Nf6 2. b3 d6 3. Bb2 e5 4. e3 Be7 5. c4 Bg4 6. Be2 Nc6 7. d3 Qd7 8. h3 Bxf3 9. Bxf3 h5 10. Nc3 0-0-0 11. Nd5 Nb8 12. b4 c6 13. Rc1 Rdg8 14. Qa4 Bd8 15. Nc3 Bb6 16. b5 g5 17. bxc6 bxc6 18. Ke2 g4 19. Be4 Rf8 20. Ba3 Rh6 21. c5 dxc5 22. Qc4 Rd8 23. Rcd1 Nd5 24. Na4 f5 25. g3 fxe4 26. dxe4 Qf7 27. exd5 Qf3+ 28. Kd3 Rxd5+ 29. Kc2 Qxf2+ 30. Kb1 Rhd6 31. Nc3 Rxd1+ 32. Rxd1 Rxd1+ 33. Nxd1 Qxg3 34. Qe6+ Kb7 35. hxg4 Qxg4 36. Qf7+ Ka8 37. Kc1 h4 38. Bb2 Qg5 39. Qe8 Bc7 40. Qc8 Qg7 41. a4 Qd7 42. Qh8 Qg4 43. a5 Kb7 44. Bxe5 Bxe5 45. Qxe5 h3 46. Qe7+ Nd7 47. Qd6 Qc4+ 48. Kb2 Qd5 49. Qg3 Qxd1 50. Qxh3 c4 51. Qe6 Qd2+ 0-1

[Event "Polanica Zdroj op-B 49th"]
[Site "Polanica Zdroj"]
[Date "2013.08.??"]
[Round "2"]
[White "Kowalczyk, Adam"]
[Black "Kowalczyk, Rafal"]
[Result "0-1"]
[WhiteElo "1889"]
[BlackElo "2135"]
[PlyCount "68"]
[EventDate "2013.08.17"]
[EventType "swiss"]
[EventRounds "9"]
[EventCountry "POL"]
[SourceTitle "CBM 156 Extra"]
[Source "ChessBase"]
[SourceDate "2013.10.22"]
[SourceVersion "1"]
[SourceVersionDate "2013.10.22"]
[SourceQuality "1"]

1. e4 e5 2. Nf3 d6 3. Bc4 c6 4. d4 Nd7 5. dxe5 dxe5 6. Bxf7+ Kxf7 7. Nxe5+ Ke7 8. Bg5+ Ngf6 9. Nc4 Nb6 10. Nxb6 Qxb6 11. Nd2 h6 12. Be3 Qa5 13. 0-0 Be6 14. b4 Qh5 15. e5 Qxe5 16. Re1 Qh5 17. Nf3 Kf7 18. Qd4 Qd5 19. Qb2 Rd8 20. Ne5+ Kg8 21. c4 Qd6 22. Bc5 Qc7 23. Bxf8 Rxf8 24. Ng6 Ng4 25. f4 Rf6 26. Nxh8 Qxf4 27. g3 Qxc4 28. Rf1 Kxh8 29. Rxf6 Nxf6 30. Qd2 Bd5 31. Re1 Ne4 32. Qf4 Qxb4 33. Re3 Qb1+ 34. Kg2 Ng5+ 0-1

[Event "Polanica Zdroj op-B 49th"]
[Site "Polanica Zdroj"]
[Date "2013.08.??"]
[Round "9"]
[White "Zeberski, Jakub"]
[Black "Kowalczyk, Adam"]
[Result "1-0"]
[WhiteElo "2359"]
[BlackElo "1889"]
[PlyCount "71"]
[EventDate "2013.08.17"]
[EventType "swiss"]
[EventRounds "9"]
[EventCountry "POL"]
[SourceTitle "CBM 156 Extra"]
[Source "ChessBase"]
[SourceDate "2013.10.22"]
[SourceVersion "1"]
[SourceVersionDate "2013.10.22"]
[SourceQuality "1"]

1. d4 c5 2. e4 cxd4 3. Nf3 e6 4. Nxd4 Nf6 5. Nc3 Nc6 6. Ndb5 Bb4 7. a3 Bxc3+ 8. Nxc3 d5 9. exd5 exd5 10. Bd3 0-0 11. 0-0 d4 12. Ne2 Re8 13. Ng3 Bg4 14. Qd2 h5 15. h3 h4 16. Nf5 Bxf5 17. Bxf5 Qd5 18. Bd3 Ne5 19. Rd1 Rad8 20. Qg5 Ne4 21. Qxh4 Nxd3 22. cxd3 Nc5 23. b4 Na4 24. Bd2 Nb2 25. Re1 Nxd3 26. Rxe8+ Rxe8 27. Qg3 Qe4 28. Bh6 g6 29. Rd1 Nb2 30. f3 Qd5 31. Re1 Rc8 32. Qf4 Qd8 33. Re8+ Qxe8 34. Qf6 Rc1+ 35. Kh2 Qb8+ 36. f4 1-0

[Event "POL-ch U18"]
[Site "Szczyrk"]
[Date "2013.??.??"]
[Round "6"]
[White "Knapik, Andrzej2222"]
[Black "Kowalczyk, Adam"]
[Result "1-0"]
[WhiteElo "1913"]
[BlackElo "1878"]
[PlyCount "73"]
[EventDate "2013.03.17"]
[EventType "swiss"]
[EventRounds "9"]
[EventCountry "POL"]
[SourceTitle "CBM 153 Extra"]
[Source "ChessBase"]
[SourceDate "2013.04.22"]
[SourceVersion "1"]
[SourceVersionDate "2013.04.22"]
[SourceQuality "1"]

1. e4 c5 2. Nf3 e6 3. d4 cxd4 4. Nxd4 Nf6 5. Nc3 Nc6 6. Be2 Bb4 7. 0-0 Bxc3 8. bxc3 Nxe4 9. Bd3 d5 10. Ba3 Qa5 11. Qc1 Bd7 12. Rb1 Nxd4 13. cxd4 0-0-0 14. Bb4 Qa4 15. c4 Kb8 16. f3 Nf6 17. Bd6+ Ka8 18. Qb2 Bc6 19. c5 e5 20. Bxe5 Nd7 21. Bc7 Rc8 22. Bd6 Rhe8 23. Bf5 Qa6 24. Qc3 g6 25. Bc2 Re6 26. Rfe1 Rce8 27. Bd3 Qa4 28. Red1 a6 29. Bc2 Qxa2 30. Ra1 Qc4 31. Qxc4 dxc4 32. d5 Bxd5 33. Rxd5 Nf6 34. Rd4 Re2 35. Rxc4 Nd5 36. Be4 Ne3 37. Rxa6# 1-0

[Event "POL-ch U18"]
[Site "Szczyrk"]
[Date "2013.??.??"]
[Round "5"]
[White "Kowalczyk, Adam"]
[Black "Cukrowski, Filip"]
[Result "0-1"]
[WhiteElo "1878"]
[BlackElo "2163"]
[PlyCount "78"]
[EventDate "2013.03.17"]
[EventType "swiss"]
[EventRounds "9"]
[EventCountry "POL"]
[SourceTitle "CBM 153 Extra"]
[Source "ChessBase"]
[SourceDate "2013.04.22"]
[SourceVersion "1"]
[SourceVersionDate "2013.04.22"]
[SourceQuality "1"]

1. e4 c5 2. Nc3 d6 3. Nf3 Nf6 4. Bb5+ Bd7 5. Bxd7+ Qxd7 6. d4 cxd4 7. Nxd4 g6 8. 0-0 Bg7 9. f4 Nc6 10. Nxc6 Qxc6 11. Qf3 Nd7 12. Nd5 e6 13. Ne3 Nc5 14. e5 Qxf3 15. Rxf3 dxe5 16. Nc4 e4 17. Rf1 Rd8 18. Be3 Bd4 19. Rad1 Bxe3+ 20. Nxe3 Ke7 21. Nc4 Rd5 22. Ne3 Rxd1 23. Rxd1 f5 24. Nc4 Rc8 25. Ne5 Rc7 26. Rd4 Na6 27. a3 Nb8 28. Rc4 Rxc4 29. Nxc4 Nc6 30. Kf2 b5 31. Ne3 Kd6 32. b4 a5 33. c3 axb4 34. axb4 e5 35. g3 exf4 36. gxf4 Ne7 37. Kg3 Nd5 38. Nd1 Ke6 39. h3 Kd6 0-1

[Event "Rewal op-B 17th"]
[Site "Rewal"]
[Date "2012.08.??"]
[Round "1"]
[White "Kowalczyk, Adam"]
[Black "Kasianczuk, Krzysztof"]
[Result "0-1"]
[WhiteElo "1896"]
[BlackElo "1590"]
[PlyCount "40"]
[EventDate "2012.08.20"]
[EventType "swiss"]
[EventRounds "9"]
[EventCountry "POL"]
[SourceTitle "EXT 2014"]
[Source "ChessBase"]
[SourceDate "2013.11.20"]
[SourceVersion "1"]
[SourceVersionDate "2013.11.20"]
[SourceQuality "1"]

1. e4 c5 2. Nf3 Nc6 3. Nc3 g6 4. d4 cxd4 5. Nxd4 Bg7 6. Be3 Nf6 7. Nxc6 bxc6 8. e5 Nd5 9. Nxd5 cxd5 10. Qxd5 Rb8 11. Bxa7 Rxb2 12. Bd3 Qc7 13. Bd4 Bb7 14. Qc4 Qxc4 15. Bxc4 Rb4 16. Bd3 Rxd4 17. Rb1 Bc8 18. Rb8 0-0 19. Bb5 Bxe5 20. Ra8 Rb4 0-1

[Event "Polanica Zdroj op-A 47th"]
[Site "Polanica Zdroj"]
[Date "2011.??.??"]
[Round "6"]
[White "Kowalczyk, Adam"]
[Black "Gromada, Andrzej"]
[Result "0-1"]
[WhiteElo "1830"]
[BlackElo "1964"]
[PlyCount "106"]
[EventDate "2011.08.19"]
[EventType "swiss"]
[EventRounds "9"]
[EventCountry "POL"]
[SourceTitle "CBM 144 Extra"]
[Source "ChessBase"]
[SourceDate "2011.10.28"]
[SourceVersion "1"]
[SourceVersionDate "2011.10.28"]
[SourceQuality "1"]

1. e4 c5 2. Nc3 d6 3. f4 Nc6 4. Nf3 g6 5. Bc4 Bg7 6. 0-0 Nf6 7. d3 0-0 8. h3 e6 9. Qe1 d5 10. Bb3 d4 11. Ne2 Na5 12. Qh4 b5 13. Bd2 Nc6 14. a4 Ba6 15. axb5 Bxb5 16. Ba4 Qb6 17. e5 Nd5 18. Bb3 Nde7 19. Nc1 Nf5 20. Qf2 Rfd8 21. g4 Ne3 22. Bxe3 dxe3 23. Qxe3 a5 24. f5 Nd4 25. Nxd4 Rxd4 26. fxe6 c4 27. Qf2 Bxe5 28. c3 cxb3 29. Nxb3 Rd6 30. exf7+ Kf8 31. Qxb6 Rxb6 32. Nc5 Rf6 33. Rxf6 Bxf6 34. Rf1 Rc8 35. Rxf6 Rxc5 36. d4 Rc7 37. Rb6 Bc4 38. b3 Bxf7 39. c4 a4 40. bxa4 Rxc4 41. a5 Rxd4 42. a6 Ra4 43. Kf2 Ra3 44. h4 Bd5 45. Rb8+ Kf7 46. Rb4 Ke6 47. Rb6+ Ke5 48. h5 Be4 49. hxg6 hxg6 50. Ke2 Kf4 51. Re6 Ra2+ 52. Kd1 Bf3+ 53. Kc1 g5 0-1

[Event "Polanica Zdroj op-A 47th"]
[Site "Polanica Zdroj"]
[Date "2011.??.??"]
[Round "4"]
[White "Kowalczyk, Adam"]
[Black "Malinowski, Damian"]
[Result "1-0"]
[WhiteElo "1830"]
[BlackElo "1900"]
[PlyCount "75"]
[EventDate "2011.08.19"]
[EventType "swiss"]
[EventRounds "9"]
[EventCountry "POL"]
[SourceTitle "CBM 144 Extra"]
[Source "ChessBase"]
[SourceDate "2011.10.28"]
[SourceVersion "1"]
[SourceVersionDate "2011.10.28"]
[SourceQuality "1"]

1. e4 c6 2. d4 d5 3. Nc3 dxe4 4. Nxe4 Nf6 5. Nxf6+ gxf6 6. Nf3 Bg4 7. Be2 e6 8. Be3 Nd7 9. Qd2 Qc7 10. h3 Bf5 11. Nh4 Bg6 12. Nxg6 hxg6 13. c4 Bd6 14. 0-0-0 0-0-0 15. c5 Be7 16. Qc3 f5 17. Qa3 f4 18. Bd2 Nf6 19. Qxa7 Rxd4 20. Ba5 Rxd1+ 21. Rxd1 Qb8 22. Qb6 Qe5 23. Bc4 f3 24. g3 Nd5 25. Bxd5 exd5 26. Re1 Bg5+ 27. Kb1 Qb8 28. Qb3 Kd7 29. Qxf3 f5 30. h4 Bf6 31. Bc3 Qd8 32. Qe3 Bxc3 33. Qe6+ Kc7 34. bxc3 Qf8 35. Qxg6 Qxc5 36. Qg7+ Kb6 37. Qxh8 Qb5+ 38. Kc1 1-0

[Event "Polanica Zdroj op-A 47th"]
[Site "Polanica Zdroj"]
[Date "2011.??.??"]
[Round "2"]
[White "Kowalczyk, Adam"]
[Black "Witwicki, Pawel"]
[Result "1/2-1/2"]
[WhiteElo "1830"]
[BlackElo "1951"]
[PlyCount "75"]
[EventDate "2011.08.19"]
[EventType "swiss"]
[EventRounds "9"]
[EventCountry "POL"]
[SourceTitle "CBM 144 Extra"]
[Source "ChessBase"]
[SourceDate "2011.10.28"]
[SourceVersion "1"]
[SourceVersionDate "2011.10.28"]
[SourceQuality "1"]

1. e4 d5 2. exd5 Nf6 3. d4 Nxd5 4. c4 Nb6 5. Nc3 e5 6. Be3 exd4 7. Bxd4 Nc6 8. Bxb6 axb6 9. Nd5 Be6 10. a3 Bd6 11. Nf3 0-0 12. Be2 Ne7 13. Nxe7+ Qxe7 14. 0-0 Rfd8 15. Qc2 Qf6 16. Rad1 Bf5 17. Qc1 Bg4 18. h3 Bd7 19. Nd4 Be5 20. Nb5 Bxb2 21. Qe3 Bxb5 22. Rxd8+ Qxd8 23. cxb5 Bxa3 24. Bf3 Bc5 25. Qe4 Ra2 26. Qxb7 Rd2 27. Qe4 g6 28. Be2 Qf6 29. g3 Qb2 30. Rb1 Rxe2 31. Qa8+ Kg7 32. Rxb2 Rxb2 33. Qd5 Rxf2 34. Qe5+ Kg8 35. Qe8+ Kg7 36. Qe5+ Kg8 37. Qe8+ Kg7 38. Qe5+ 1/2-1/2

[Event "Polanica Zdroj op-A 47th"]
[Site "Polanica Zdroj"]
[Date "2011.??.??"]
[Round "1"]
[White "Lipien, Wieslaw"]
[Black "Kowalczyk, Adam"]
[Result "1-0"]
[WhiteElo "2076"]
[BlackElo "1830"]
[PlyCount "43"]
[EventDate "2011.08.19"]
[EventType "swiss"]
[EventRounds "9"]
[EventCountry "POL"]
[SourceTitle "CBM 144 Extra"]
[Source "ChessBase"]
[SourceDate "2011.10.28"]
[SourceVersion "1"]
[SourceVersionDate "2011.10.28"]
[SourceQuality "1"]

1. e4 c5 2. Nf3 e6 3. d4 cxd4 4. Nxd4 Nc6 5. Be2 Qc7 6. 0-0 Nf6 7. Nc3 Be7 8. Be3 0-0 9. f4 d6 10. Qe1 a6 11. Qg3 Ne8 12. e5 d5 13. Bd3 f5 14. Nxf5 exf5 15. Nxd5 Qa5 16. Bc4 Kh8 17. Qf2 Qd8 18. Rfd1 b5 19. Bb3 Bd7 20. Nxe7 Nxe7 21. e6 Nf6 22. exd7 1-0

[Event "Polanica Zdroj op-A 47th"]
[Site "Polanica Zdroj"]
[Date "2011.??.??"]
[Round "3"]
[White "Piotrowski, Przemyslaw"]
[Black "Kowalczyk, Adam"]
[Result "1-0"]
[WhiteElo "1903"]
[BlackElo "1830"]
[PlyCount "61"]
[EventDate "2011.08.19"]
[EventType "swiss"]
[EventRounds "9"]
[EventCountry "POL"]
[SourceTitle "CBM 144 Extra"]
[Source "ChessBase"]
[SourceDate "2011.10.28"]
[SourceVersion "1"]
[SourceVersionDate "2011.10.28"]
[SourceQuality "1"]

1. e4 c5 2. Nf3 e6 3. d3 Nc6 4. g3 d5 5. Nbd2 Nf6 6. Bg2 Be7 7. 0-0 0-0 8. e5 Nd7 9. Re1 b5 10. Nf1 Bb7 11. h4 Qc7 12. Bf4 d4 13. N1h2 Nb4 14. Ng5 Bxg2 15. Kxg2 Bxg5 16. hxg5 Rfd8 17. Qh5 Qc6+ 18. f3 Nf8 19. Ng4 Ng6 20. Rh1 Nd5 21. Qxh7+ Kf8 22. Nf6 Ngxf4+ 23. gxf4 Ne3+ 24. Kf2 c4 25. g6 Ke7 26. Qxg7 Rf8 27. Rh7 cxd3 28. c3 Qc5 29. Qxf7+ Rxf7 30. Rxf7+ Kd8 31. g7 1-0

[Event "Polanica Zdroj op-B 46th"]
[Site "Polanica Zdroj"]
[Date "2010.08.21"]
[Round "4"]
[White "Kowalczyk, Adam"]
[Black "Duszenko, Michal"]
[Result "1/2-1/2"]
[WhiteElo "1736"]
[BlackElo "1834"]
[PlyCount "93"]
[EventDate "2010.08.18"]
[EventType "swiss"]
[EventRounds "9"]
[EventCountry "POL"]
[SourceTitle "CBM 138 Extra"]
[Source "ChessBase"]
[SourceDate "2010.10.29"]
[SourceVersion "1"]
[SourceVersionDate "2010.10.29"]
[SourceQuality "1"]

1. e4 e5 2. Nf3 Nc6 3. Bb5 a6 4. Ba4 Nf6 5. 0-0 Nxe4 6. d4 b5 7. Bb3 d5 8. dxe5 Be6 9. Be3 Bc5 10. Bxc5 Nxc5 11. Nc3 Nxb3 12. axb3 0-0 13. h3 Nb4 14. Ne2 c5 15. Nf4 Qd7 16. Qd2 Rfd8 17. Nh5 Bf5 18. Nd4 cxd4 19. Qxb4 Bg6 20. Nf4 Bxc2 21. Qxd4 Bxb3 22. Ra3 Bc2 23. Rfa1 Qb7 24. Rg3 Qa7 25. Qxa7 Rxa7 26. Rc3 Bg6 27. Nxd5 Kf8 28. Nb4 Re8 29. Re3 Re6 30. g4 f6 31. Rf3 Ke7 32. exf6+ gxf6 33. Re3 Rxe3 34. fxe3 Kd6 35. Rxa6+ Rxa6 36. Nxa6 Kd5 37. Kf2 Kc4 38. b4 Be4 39. Kg3 Bb7 40. Nc7 Kxb4 41. Kf4 Kc4 42. Nxb5 Kxb5 43. Kf5 Kc4 44. Kxf6 Kd3 45. g5 Be4 46. h4 Bg6 47. Kg7 1/2-1/2

[Event "Polanica Zdroj op-B 46th"]
[Site "Polanica Zdroj"]
[Date "2010.08.18"]
[Round "1"]
[White "Mazalon, Mariusz"]
[Black "Kowalczyk, Adam"]
[Result "1/2-1/2"]
[WhiteElo "2093"]
[BlackElo "1736"]
[PlyCount "84"]
[EventDate "2010.08.18"]
[EventType "swiss"]
[EventRounds "9"]
[EventCountry "POL"]
[SourceTitle "CBM 138 Extra"]
[Source "ChessBase"]
[SourceDate "2010.10.29"]
[SourceVersion "1"]
[SourceVersionDate "2010.10.29"]
[SourceQuality "1"]

1. d4 d5 2. Nf3 Nf6 3. c4 e6 4. Nc3 Be7 5. Bf4 Nh5 6. Bg3 Nxg3 7. hxg3 b6 8. cxd5 exd5 9. e3 Be6 10. Qa4+ c6 11. Be2 Qd6 12. Ne5 Bf6 13. f4 Bxe5 14. fxe5 Qe7 15. Bf3 0-0 16. Qc2 h6 17. e4 Na6 18. exd5 Nb4 19. Qb3 Nxd5 20. Bxd5 Bxd5 21. Nxd5 cxd5 22. 0-0 Rfd8 23. Rac1 Qd7 24. Rf4 Rac8 25. Rcf1 Rf8 26. Kh2 Rc4 27. Qd3 Qc8 28. R1f2 Rc1 29. Qf3 Qe6 30. Qh5 Rc6 31. Rg4 Kh7 32. Rh4 Qg6 33. Qf3 Rc2 34. Rxc2 Qxc2 35. Qxd5 Qxb2 36. Rf4 Qe2 37. Qd7 Kg8 38. Qe7 Qxa2 39. Qd7 Qe2 40. Qxa7 b5 41. Qe7 Qc4 42. Qd7 Qe2 1/2-1/2

[Event "POL-ch U14"]
[Site "Sekocin Stary"]
[Date "2010.05.02"]
[Round "2"]
[White "Kowalczyk, Adam"]
[Black "Ulanowski, Karol"]
[Result "1-0"]
[WhiteElo "1748"]
[BlackElo "1834"]
[PlyCount "39"]
[EventDate "2010.05.01"]
[EventType "swiss"]
[EventRounds "10"]
[EventCountry "POL"]
[SourceTitle "EXT 2011"]
[Source "ChessBase"]
[SourceDate "2010.11.26"]
[SourceVersion "1"]
[SourceVersionDate "2010.11.26"]
[SourceQuality "1"]

1. e4 e5 2. Nf3 Nc6 3. Bb5 a6 4. Ba4 Nf6 5. 0-0 b5 6. Bb3 Bc5 7. c3 d6 8. a4 Bb7 9. d4 Bb6 10. Bg5 h6 11. Bxf6 Qxf6 12. Bd5 0-0 13. Na3 bxa4 14. Qxa4 Na5 15. b4 Bxd5 16. bxa5 Bxe4 17. dxe5 Qg6 18. Nh4 Qg4 19. axb6 Qxh4 20. f3 1-0

[Event "Karpacz op"]
[Site "Karpacz"]
[Date "2010.02.27"]
[Round "8"]
[White "Wolniaczyk, Daria"]
[Black "Kowalczyk, Adam"]
[Result "1/2-1/2"]
[WhiteElo "1577"]
[BlackElo "1679"]
[PlyCount "126"]
[EventDate "2010.02.21"]
[EventType "swiss"]
[EventRounds "9"]
[EventCountry "POL"]
[SourceTitle "CBM 135 Extra"]
[Source "ChessBase"]
[SourceDate "2010.05.04"]
[SourceVersion "1"]
[SourceVersionDate "2010.05.04"]
[SourceQuality "1"]

1. d4 d5 2. c4 e6 3. Nc3 Nf6 4. Bg5 Be7 5. e3 0-0 6. Nf3 h6 7. Bh4 b6 8. cxd5 exd5 9. Ne5 Bb7 10. Bd3 Nbd7 11. 0-0 Nxe5 12. dxe5 Nd7 13. Bg3 Nc5 14. Bf5 Bh4 15. Qg4 Bxg3 16. hxg3 Bc8 17. Rad1 c6 18. b4 Bxf5 19. Qxf5 Ne6 20. b5 cxb5 21. Rxd5 Qc8 22. Nxb5 Qc4 23. Rfd1 Qxa2 24. Nd6 Nc7 25. R1d2 Qb3 26. R5d3 Qe6 27. f4 Qxf5 28. Nxf5 Ne6 29. Ne7+ Kh7 30. f5 Nc5 31. Rd5 Rfe8 32. Nc6 Ne4 33. R2d4 Nxg3 34. Rd7 Ne2+ 35. Kf2 Nxd4 36. exd4 Kg8 37. Nxa7 Red8 38. Rxd8+ Rxd8 39. Nc6 Ra8 40. d5 Kf8 41. d6 Ra2+ 42. Kf3 Rd2 43. Ke3 Rd1 44. Nd4 Re1+ 45. Kf4 Rf1+ 46. Ke4 Re1+ 47. Kd5 Rc1 48. e6 fxe6+ 49. fxe6 Rc5+ 50. Ke4 g6 51. Nf3 Ke8 52. Ne5 Rc1 53. Nxg6 b5 54. Ne5 b4 55. Kd5 b3 56. e7 Re1 57. Nc4 Rd1+ 58. Ke5 Re1+ 59. Kd4 Re2 60. Kc3 Rxg2 61. Kxb3 Re2 62. Kc3 h5 63. Kd4 Rxe7 1/2-1/2

[Event "Karpacz op"]
[Site "Karpacz"]
[Date "2010.02.24"]
[Round "4"]
[White "Pham, Juliusz"]
[Black "Kowalczyk, Adam"]
[Result "0-1"]
[WhiteElo "1609"]
[BlackElo "1679"]
[PlyCount "92"]
[EventDate "2010.02.21"]
[EventType "swiss"]
[EventRounds "9"]
[EventCountry "POL"]
[SourceTitle "CBM 135 Extra"]
[Source "ChessBase"]
[SourceDate "2010.05.04"]
[SourceVersion "1"]
[SourceVersionDate "2010.05.04"]
[SourceQuality "1"]

1. e4 c5 2. d4 cxd4 3. c3 d5 4. exd5 Qxd5 5. cxd4 Nf6 6. Nc3 Qd8 7. Nf3 e6 8. Bc4 Nc6 9. 0-0 Be7 10. Re1 0-0 11. Bg5 h6 12. Bh4 Qb6 13. Qd2 Rd8 14. Rad1 Qb4 15. Bb3 Na5 16. Qc2 Nxb3 17. axb3 Bd7 18. Ne5 Bc6 19. Nxc6 bxc6 20. Ne2 Rac8 21. Qc3 Qb5 22. Qc4 Rb8 23. Rd3 Qxc4 24. bxc4 Rxb2 25. Nc3 Rb4 26. Ra1 Rd7 27. h3 Rxc4 28. Ne2 c5 29. Rad1 Rc2 30. Bxf6 Bxf6 31. Nf4 Rxd4 32. Nh5 Rxd3 33. Rxd3 Bd4 34. Rf3 Rc3 35. Rxc3 Bxc3 36. Nf4 a5 37. Nd3 Bd4 38. Kf1 Kf8 39. Ke2 Ke7 40. f3 a4 41. Nc1 Bb2 42. Na2 Kd6 43. Ke3 Kd5 44. Kd3 a3 45. g3 f5 46. f4 h5 0-1

[Event "Polanica Zdroj op-D 45th"]
[Site "Polanica Zdroj"]
[Date "2009.08.23"]
[Round "7"]
[White "Ziemba, Artur"]
[Black "Kowalczyk, Adam"]
[Result "1/2-1/2"]
[WhiteElo "1638"]
[BlackElo "1745"]
[PlyCount "49"]
[EventDate "2009.08.18"]
[EventType "swiss"]
[EventRounds "9"]
[EventCountry "POL"]
[SourceTitle "CBM 132 Extra"]
[Source "ChessBase"]
[SourceDate "2009.11.03"]
[SourceVersion "1"]
[SourceVersionDate "2009.11.03"]
[SourceQuality "1"]

1. d4 d5 2. c4 e6 3. Nc3 Nf6 4. Bg5 Be7 5. Nf3 0-0 6. e3 h6 7. Bxf6 Bxf6 8. Bd3 c6 9. 0-0 Nd7 10. cxd5 exd5 11. b4 Nb6 12. Qb3 Bg4 13. Nd2 Rc8 14. Rfc1 Qd7 15. a4 Bf5 16. Bxf5 Qxf5 17. a5 Nd7 18. b5 Qd3 19. bxc6 Rxc6 20. Nf1 Nb8 21. Qb2 Rd8 22. Ra3 Qa6 23. Rb1 Rc7 24. Rc1 Rc6 25. Rb1 1/2-1/2

[Event "Polanica Zdroj op-B 45th"]
[Site "Polanica Zdroj"]
[Date "2009.08.21"]
[Round "4"]
[White "Siedlanowski, Lukasz"]
[Black "Kowalczyk, Adam"]
[Result "1-0"]
[WhiteElo "1688"]
[BlackElo "1745"]
[PlyCount "92"]
[EventDate "2009.08.18"]
[EventType "swiss"]
[EventRounds "10"]
[EventCountry "POL"]
[SourceTitle "CBM 131 Extra"]
[Source "ChessBase"]
[SourceDate "2009.09.03"]
[SourceVersion "2"]
[SourceVersionDate "2009.09.16"]
[SourceQuality "1"]

1. e4 c5 2. Nf3 e6 3. d4 cxd4 4. Nxd4 Nc6 5. Nb3 Nf6 6. Bd3 d5 7. exd5 Nxd5 8. Bd2 Bd6 9. Nc3 Nf6 10. Qe2 0-0 11. 0-0-0 Qe8 12. Bg5 Be5 13. Ne4 Nd5 14. c4 Nf4 15. Bxf4 Bxf4+ 16. Kb1 f5 17. Nc3 Nb4 18. Rhe1 a6 19. a3 Nxd3 20. Qxd3 Qh5 21. h3 Bc7 22. Qe2 Qxe2 23. Rxe2 b6 24. Nd4 Kf7 25. Rde1 e5 26. Nc6 Be6 27. Nxe5+ Bxe5 28. Rxe5 Bxc4 29. Rxf5+ Kg6 30. Rxf8 Rxf8 31. f3 Rd8 32. Rd1 Rxd1+ 33. Nxd1 Kg5 34. Ne3 Be6 35. Kc2 Kf4 36. Kd2 Kg3 37. Ke2 h5 38. Kf1 b5 39. Nc2 g6 40. Kg1 a5 41. Nd4 Bd7 42. Ne2+ Kh4 43. Kh2 a4 44. f4 Bxh3 45. gxh3 g5 46. fxg5 Kxg5 1-0

[Event "Polanica Zdroj op-D 45th"]
[Site "Polanica Zdroj"]
[Date "2009.08.19"]
[Round "2"]
[White "Koza, Stanislaw"]
[Black "Kowalczyk, Adam"]
[Result "0-1"]
[WhiteElo "1438"]
[BlackElo "1745"]
[PlyCount "86"]
[EventDate "2009.08.18"]
[EventType "swiss"]
[EventRounds "9"]
[EventCountry "POL"]
[SourceTitle "CBM 132 Extra"]
[Source "ChessBase"]
[SourceDate "2009.11.03"]
[SourceVersion "1"]
[SourceVersionDate "2009.11.03"]
[SourceQuality "1"]

1. e4 c5 2. Nf3 e6 3. d4 cxd4 4. Nxd4 Nc6 5. Be3 a6 6. Nc3 Qc7 7. Bd3 Nf6 8. Qd2 Nxd4 9. Bxd4 e5 10. Be3 Bb4 11. f3 d5 12. exd5 Nxd5 13. 0-0 Nxc3 14. bxc3 Bxc3 15. Qf2 Bxa1 16. Rxa1 Be6 17. a3 Qc3 18. Rb1 b5 19. Bc5 Rc8 20. Bb4 Qd4 21. Re1 Qxf2+ 22. Kxf2 f6 23. f4 Kf7 24. fxe5 fxe5 25. Rxe5 g6 26. g3 Rhe8 27. Re4 Bf5 28. Rf4 Ke6 29. Bxf5+ gxf5 30. c3 Rc4 31. Rf3 Ra8 32. Re3+ Re4 33. Rd3 Kf6 34. Rd6+ Re6 35. Rd7 h5 36. Rh7 Kg6 37. Rc7 Rae8 38. Kg2 Re2+ 39. Kh3 R8e6 40. Bf8 Rc2 41. Rg7+ Kf6 42. Rc7 Ree2 43. Bg7+ Kg6 0-1

[Event "POL-chT U19 40th"]
[Site "Chotowa"]
[Date "2009.07.??"]
[Round "1"]
[White "Adamowicz, Maciej"]
[Black "Kowalczyk, Adam"]
[Result "1-0"]
[WhiteElo "1847"]
[BlackElo "1745"]
[PlyCount "77"]
[EventDate "2009.07.06"]
[EventType "team-tourn"]
[EventRounds "9"]
[EventCountry "POL"]
[SourceTitle "EXT 2012"]
[Source "ChessBase"]
[SourceDate "2011.11.24"]
[SourceVersion "1"]
[SourceVersionDate "2011.11.24"]
[SourceQuality "1"]
[WhiteTeam "Koszalin Hetman Politechnika U19"]
[BlackTeam "Skierniewice KS Piatka U19"]
[WhiteTeamCountry "POL"]
[BlackTeamCountry "POL"]

1. e4 c5 2. Nf3 e6 3. d4 cxd4 4. Nxd4 Nc6 5. Nc3 Qc7 6. Be3 a6 7. Qd2 Bb4 8. 0-0-0 Nf6 9. f3 Ne7 10. Nb3 d5 11. e5 Nd7 12. f4 Nf5 13. Bf2 Bxc3 14. Qxc3 Qxc3 15. bxc3 b5 16. Na5 Ne7 17. Be2 Rb8 18. a3 Nb6 19. Bc5 Bd7 20. Bd6 Rc8 21. Bb4 Bc6 22. Rhg1 Ba8 23. g4 Na4 24. Rg3 g6 25. Rf1 Nc6 26. Nb3 Nxb4 27. cxb4 0-0 28. Nd4 Bc6 29. f5 exf5 30. gxf5 Rfd8 31. e6 Be8 32. fxg6 hxg6 33. exf7+ Bxf7 34. Bd3 Rf8 35. Nf5 Rc3 36. Ne7+ Kg7 37. Nxg6 Rfc8 38. Ne5+ Bg6 39. Rxg6+ 1-0